LEADER 00975nam0-2200361-i-450- 001 990009660240403321 005 20121219125611.0 010 $a978-1-4614-4528-9$bpaperback 035 $a000966024 035 $aFED01000966024 035 $a(Aleph)000966024FED01 035 $a000966024 100 $a20121219d2012----km-y0itay50------ba 101 0 $aeng 102 $aUS 105 $aa---a---001yy 200 1 $a<>textbook of graph theory$fR. Balakrishnan, K. Ranganathan 205 $a2. ed. 210 $aNew York$cSpringer$d2012 215 $aXII, 292 p.$d24 cm 225 1 $aUniversitext 610 0 $aTeoria dei grafi 676 $a511.5$v21$zita 700 1$aBalakrishnan,$bR.$0351271 701 1$aRanganathan,$bK.$062536 801 0$aIT$bUNINA$gREICAT$2UNIMARC 901 $aBK 912 $a990009660240403321 952 $aC-6-(256$b25579$fMA1 959 $aMA1 962 $a05CXX 996 $aTextbook of graph theory$9499977 997 $aUNINA LEADER 00851nam0 2200277 i 450 001 996271049503316 005 20181017115433.0 010 $a978-88-13-36535-6 100 $a20180907d2018----||||0itac50 ba 101 $aita 102 $aIT 200 1 $a<> sistema costituzionale spagnolo$fSilvio Gambino ... [et al.] 210 $aMilano$cWolters Kluwer$a[Padova]$cCEDAM$d2018 215 $aXX, 381 p.$d24 cm 225 $aTrattato di diritto pubblico comparato 410 0$aTrattato di diritto pubblico comparato 606 0 $aDiritto costituzionale$xSpagna$2BNCF 676 $a342.4602 702 1$aGAMBINO,$bSilvio 801 0$aIT$bsalbc$gISBD 912 $a996271049503316 951 $aXXIV.2.M. 461$b88426 G.$cXXIV.2.M.$d416810 959 $aBK 969 $aGIU 996 $aSistema costituzionale spagnolo$91534557 997 $aUNISA LEADER 01320nam--2200433---450- 001 990003192320203316 005 20090202085123.0 010 $a978-88-7644-568-2 035 $a000319232 035 $aUSA01000319232 035 $a(ALEPH)000319232USA01 035 $a000319232 100 $a20090202d2008----km-y0itay50------ba 101 $aita 102 $aIT 105 $a||||||||001yy 200 1 $aAdesso l'architettura$fJacques Derrida$ga cura di Francesco Vitale 210 $aMilano$cLibri Schwiwiller$d2008 215 $a373 p.$d20 cm 225 2 $a<> arte e le arti 410 0$12001$a<> arte e le arti 454 1$12001 461 1$1001-------$12001 606 0 $aArchitettura$xTeorie$2BNCF 676 $a720.1 700 1$aDERRIDA,$bJacques$0139765 702 1$aVITALE,$bFrancesco$f<1971- > 801 0$aIT$bsalbc$gISBD 912 $a990003192320203316 951 $aXII.2.D. 712$b992 LG.$cXII.2.D.$d00191758 951 $aXII.2.D. 712a$b993 LG.$cXII.2.D.$d00191779 951 $aXII.2.D. 712b$b994 LG.$cXII.2.D.$d00191774 959 $aBK 969 $aUMA 979 $aFIORELLA$b90$c20090202$lUSA01$h0848 979 $aFIORELLA$b90$c20090202$lUSA01$h0851 979 $aANNAMARIA$b90$c20100420$lUSA01$h1128 996 $aAdesso l'architettura$91016038 997 $aUNISA LEADER 00929nam 2200169z- 450 001 9910712365703321 035 $a(CKB)5470000002492474 035 $a(EXLCZ)995470000002492474 100 $a20230509c2019uuuu -u- - 101 0 $aeng 200 00$aPipeline safety : reviewing the status of mandates and examining additional safety needs : hearing before the Subcommittee on Railroads, Pipelines, and Hazardous Materials of the Committee on Transportation and Infrastructure, House of Representatives, O 210 $aWashington$cU.S. Government Publishing Office 517 $aPipeline safety 906 $aBOOK 912 $a9910712365703321 996 $aPipeline safety : reviewing the status of mandates and examining additional safety needs : hearing before the Subcommittee on Railroads, Pipelines, and Hazardous Materials of the Committee on Transportation and Infrastructure, House of Representatives, O$93268432 997 $aUNINA